[Event "18e open International de Saint Affrique"]
[Site "Saint Affrique"]
[Date "2010.07.28"]
[Round "6.21"]
[White "Milchev, Nikolay"]
[Black "Priser, Patrick"]
[Result "1-0"]
[WhiteElo "2360"]
[BlackElo "2011"]
[PlyCount "33"]
[EventDate "2010.??.??"]

1. e4 c6 2. c4 d5 3. exd5 cxd5 4. d4 Nf6 5. Nc3 e6 6. Nf3 Be7 7. Bd3 O-O 8.
cxd5 Nxd5 9. O-O Nc6 10. Re1 Nf6 11. a3 b6 12. Bg5 Bb7 13. Qd2 Rc8 14. Rad1 Re8
15. h4 Ng4 16. d5 exd5 17. Bf5 1-0

[Event "Saint-Affrique"]
[Site "Saint-Affrique"]
[Date "2010.07.29"]
[Round "7"]
[White "ANTOINE, Jean Luc"]
[Black "MANIA, Clement"]
[Result "0-1"]
[WhiteElo "1623"]
[BlackElo "2127"]
[PlyCount "48"]
[EventDate "2010.??.??"]

{1300MB, Rybka3Gen.ctg} 1. Nf3 f5 2. e4 fxe4 3. Ng5 e5 4. d3 Be7 5. Nxe4 Nc6 6.
Nbc3 d5 7. Nd2 Nf6 8. Be2 O-O 9. O-O Be6 10. Nf3 Bd6 11. Bg5 h6 12. Bh4 Qe8 13.
Nb5 d4 14. Nxd6 cxd6 15. Nd2 Nd5 16. Ne4 Qd7 17. Qd2 Nf4 18. Bf3 b6 19. c4 dxc3
20. bxc3 d5 21. Ng3 g5 22. c4 gxh4 23. cxd5 Bxd5 24. Ne4 Nd4 0-1

[Event "18e open International de Saint Affrique"]
[Site "Saint Affrique"]
[Date "2010.07.29"]
[Round "7.1"]
[White "Flear, Glenn C"]
[Black "Degraeve, Jean-Marc"]
[Result "1/2-1/2"]
[WhiteElo "2510"]
[BlackElo "2569"]
[PlyCount "52"]
[EventDate "2010.??.??"]

1. d4 d5 2. c4 c5 3. cxd5 Qxd5 4. Nf3 cxd4 5. Nc3 Qa5 6. Nxd4 Nf6 7. g3 e5 8.
Nb3 Qc7 9. Bg2 Bb4 10. Bd2 O-O 11. O-O Rd8 12. Qc1 Be6 13. Bg5 Bxc3 14. Qxc3
Qxc3 15. bxc3 Nbd7 16. Bxb7 Rab8 17. Na5 Re8 18. Rfd1 Nb6 19. Bxf6 gxf6 20. Rd2
Nc4 21. Nxc4 Bxc4 22. Bc6 Red8 23. Rad1 Rxd2 24. Rxd2 Rb1+ 25. Kg2 Rc1 26. Bd5
Rxc3 1/2-1/2

[Event "18e open International de Saint Affrique"]
[Site "Saint Affrique"]
[Date "2010.07.29"]
[Round "7.2"]
[White "Gozzoli, Yannick"]
[Black "Le Roux, Jean-Pierre"]
[Result "1-0"]
[WhiteElo "2520"]
[BlackElo "2495"]
[PlyCount "87"]
[EventDate "2010.??.??"]

1. d4 Nf6 2. c4 e6 3. Nc3 Bb4 4. Nf3 b6 5. Bg5 Bb7 6. e3 h6 7. Bh4 g5 8. Bg3
Ne4 9. Qc2 Bxc3+ 10. bxc3 d6 11. Bd3 Nxg3 12. hxg3 Nd7 13. Be4 c6 14. a4 a6 15.
Bd3 Kf8 16. Rb1 Kg7 17. Nd2 c5 18. Be4 Bxe4 19. Nxe4 f5 20. Nd2 Rb8 21. e4 Qf6
22. Qd3 fxe4 23. Qxe4 d5 24. cxd5 exd5 25. Qxd5 Qe7+ 26. Kf1 Nf6 27. Qe5 Qxe5
28. dxe5 Ng4 29. f4 Rhf8 30. Nf3 gxf4 31. Rh4 Ne3+ 32. Kf2 Nd5 33. Rg4+ Kh7 34.
Rd1 Rbd8 35. gxf4 Nf6 {#} 36. Ng5+ Kg6 37. exf6 Rxd1 38. Ne6+ Kf7 39. Nxf8 Kxf8
40. Rh4 b5 41. axb5 axb5 42. Rxh6 Rd2+ 43. Kf3 Rd3+ 44. Ke2 1-0

[Event "18e open International de Saint Affrique"]
[Site "Saint Affrique"]
[Date "2010.07.29"]
[Round "7.3"]
[White "Petkov, Vladimir"]
[Black "Manouck, Thierry"]
[Result "1-0"]
[WhiteElo "2496"]
[BlackElo "2330"]
[PlyCount "111"]
[EventDate "2010.??.??"]

1. Nf3 d6 2. d4 Nf6 3. c4 Nbd7 4. Nc3 e5 5. Bg5 c6 6. e3 Be7 7. Qc2 Ng4 8. h3
Nh2 {#} 9. Rxh2 Bxg5 10. O-O-O exd4 11. Ne4 Be7 12. Rxd4 Qc7 13. g4 Nc5 14.
Nxc5 dxc5 15. Rd2 Be6 16. Rh1 g6 17. Rg1 Bf6 18. h4 O-O 19. h5 Rfd8 20. Bd3 b5
21. g5 Bg7 22. h6 Bh8 23. Rgd1 Kf8 24. Be2 Rxd2 25. Rxd2 Rb8 26. cxb5 cxb5 27.
Nd4 Bd7 28. Qc3 Kg8 29. b4 c4 30. f4 Re8 31. Bf3 a6 32. Rd1 Bf5 33. Qa3 Bd3 34.
Nc2 Qd6 35. Bb7 Re6 36. Bc8 Re8 37. Qxa6 Qf8 38. Bd7 Ra8 39. Qxb5 Rxa2 {#} 40.
Rxd3 cxd3 41. Qxd3 Qa8 42. Bc6 Qb8 43. b5 Kf8 44. Qe4 Ra7 45. b6 Ra6 46. b7 Rb6
47. Kd2 Qd8+ 48. Ke2 Rb2 49. Qa4 Ke7 50. Be4 Qb6 51. Qa3+ Qd6 52. Qa4 Ke6 53.
Qa8 Qc7 54. Qe8+ Kd6 55. Qxh8 Rxc2+ 56. Kf3 1-0

[Event "18e open International de Saint Affrique"]
[Site "Saint Affrique"]
[Date "2010.07.29"]
[Round "7.4"]
[White "Milliet, Sophie"]
[Black "Karpatchev, Aleksandr"]
[Result "1/2-1/2"]
[WhiteElo "2367"]
[BlackElo "2476"]
[PlyCount "238"]
[EventDate "2010.??.??"]

1. e4 e5 2. Nf3 Nc6 3. Bc4 Bc5 4. c3 Nf6 5. d3 a6 6. Bb3 Ba7 7. h3 d5 8. exd5
Nxd5 9. O-O O-O 10. Re1 Be6 11. Na3 Re8 12. Ng5 Qf6 13. Qf3 Rad8 14. Qxf6 gxf6
15. Nxe6 fxe6 16. g3 Kf7 17. Nc4 b5 18. Nd2 Nde7 19. Bc2 Nf5 20. Ne4 Bb6 21.
Kh2 Rg8 22. g4 Nh4 23. Kg3 Ng6 24. Rf1 Nce7 25. f4 Nxf4 26. Bxf4 exf4+ 27. Rxf4
f5 28. Kh2 Nd5 29. Rf3 Ne3 30. Bb3 Ke7 31. gxf5 Rxd3 32. Bxe6 Rg2+ 33. Kh1 Rxb2
34. Rg3 {#} 34... Nxf5 35. Bxf5 Rxg3 36. Nxg3 h6 37. Be4 Kd6 38. a4 Ke5 39.
axb5 axb5 40. Rb1 Rxb1+ 41. Bxb1 Kf4 42. Kg2 c5 43. Ne4 Ba5 44. Kf2 c4 45. Nd6
Bxc3 46. Nxb5 Be5 47. Na3 c3 48. Ke2 h5 49. Bd3 h4 50. Nc2 Bd6 51. Bh7 Be5 52.
Kd3 Bh8 53. Bg8 Bg7 54. Be6 Bh8 55. Kc4 Bg7 56. Kd5 Bh8 57. Bg4 Bg7 58. Ke6 Kg5
59. Bd1 Bh8 60. Ne3 Bd4 61. Ng2 Bg7 62. Bc2 Bf8 63. Ke5 Bg7+ 64. Ke4 Bf8 65.
Ne1 Be7 66. Nf3+ Kh6 67. Kf5 Bd8 68. Nd4 Bb6 69. Ne2 Bf2 70. Nxc3 Kg7 71. Ne4
Be1 72. Kg5 Bg3 73. Bb3 Be1 74. Nd6 Bg3 75. Nf5+ Kf8 76. Kg6 Bf2 77. Bd5 Be1
78. Bf7 Bf2 79. Bd5 Be1 80. Nd4 Bf2 81. Nf3 Bg3 82. Kf6 Bf2 83. Bf7 Bd4+ 84.
Kg6 Bf2 85. Bb3 Bg3 86. Bc4 Bf2 87. Bf7 Bg3 88. Kf6 Bf2 89. Ng5 Bd4+ 90. Kg6
Bf2 91. Nh7+ Ke7 92. Bb3 Be1 93. Nf6 Kf8 94. Nd5 Bg3 95. Kf6 Be1 96. Nf4 Bc3+
97. Kg6 Be1 98. Nd3 Bg3 99. Kf6 Bd6 100. Bf7 Be7+ 101. Ke6 Bg5 102. Ne5 Kg7
103. Nf3 Bd8 104. Bh5 Kh6 105. Be8 Kg7 106. Kf5 Be7 107. Nd4 Bb4 108. Ne6+ Kh6
109. Kf6 Bc3+ 110. Kf7 Bb2 111. Bc6 Ba1 112. Bf3 Bb2 113. Bg4 Ba1 114. Nf8 Kg5
115. Ke6 Bb2 116. Kd5 Ba1 117. Ne6+ Kf6 118. Ke4 Be5 119. Nc5 Bg3 1/2-1/2

[Event "18e open International de Saint Affrique"]
[Site "Saint Affrique"]
[Date "2010.07.29"]
[Round "7.5"]
[White "Valles, Manuel"]
[Black "Bedouin, Xavier"]
[Result "1/2-1/2"]
[WhiteElo "2242"]
[BlackElo "2403"]
[PlyCount "35"]
[EventDate "2010.??.??"]

1. d4 d5 2. c4 e6 3. Nc3 c6 4. Nf3 Nf6 5. e3 Nbd7 6. Bd3 dxc4 7. Bxc4 b5 8. Be2
Bb7 9. O-O a6 10. e4 c5 11. d5 exd5 12. e5 Ne4 13. Nxd5 Nxe5 14. Nxe5 Qxd5 15.
Qxd5 Bxd5 16. Bf3 f6 17. Rd1 Bb7 18. Rd7 1/2-1/2

[Event "18e open International de Saint Affrique"]
[Site "Saint Affrique"]
[Date "2010.07.29"]
[Round "7.6"]
[White "Libiszewski, Fabien"]
[Black "Tesan, Michael"]
[Result "1-0"]
[WhiteElo "2488"]
[BlackElo "2080"]
[PlyCount "69"]
[EventDate "2010.??.??"]

1. e4 e5 2. Nf3 Nf6 3. Nxe5 d6 4. Nf3 Nxe4 5. d4 d5 6. Bd3 Bd6 7. O-O O-O 8. c4
c6 9. cxd5 cxd5 10. Nc3 Nxc3 11. bxc3 Bg4 12. Rb1 b6 13. Re1 Nc6 14. h3 Bh5 15.
Qa4 Bxf3 16. Qxc6 Rc8 17. Qb5 Be4 18. Bxe4 dxe4 19. Rxe4 Rxc3 20. Bb2 Rc2 21.
Qb3 Qc8 22. d5 Qc5 23. Rf1 Rc8 24. Rg4 g6 25. Ra4 b5 26. Ra5 Bg3 {#} 27. Rxb5
Bxf2+ 28. Kh1 Qf8 29. Qf3 Bh4 30. d6 Rd2 31. Rb7 f6 32. Bc3 Rxd6 33. Bb4 a5 34.
Bxd6 Qxd6 35. Qb3+ 1-0

[Event "18e open International de Saint Affrique"]
[Site "Saint Affrique"]
[Date "2010.07.29"]
[Round "7.7"]
[White "Colin, Vincent"]
[Black "Remille, Tristan"]
[Result "1-0"]
[WhiteElo "2425"]
[BlackElo "2215"]
[PlyCount "89"]
[EventDate "2010.??.??"]

1. d4 d5 2. c4 c6 3. Nf3 Nf6 4. Nc3 e6 5. Bg5 dxc4 6. a4 Bb4 7. e4 Bxc3+ 8.
bxc3 Qa5 9. e5 Ne4 10. Bd2 Qd5 11. a5 Nd7 12. Be2 O-O 13. O-O b5 14. axb6 Nxb6
15. Ng5 Nxg5 16. Bxg5 Qd7 17. Ra5 c5 18. dxc5 Nd5 19. Qd4 h6 20. Bh4 Qc7 21.
Rfa1 g5 22. Bg3 Bb7 23. h4 Ne7 {#} 24. hxg5 Nc6 25. Qd6 Qxd6 26. exd6 Nxa5 27.
Rxa5 hxg5 28. Bf3 Bxf3 29. gxf3 f6 30. d7 e5 31. c6 Rfd8 32. Rd5 Kf7 33. c7 Ke6
34. cxd8=Q Rxd8 35. Rc5 Rxd7 36. Kf1 Rd2 37. Rc6+ Kf5 38. Rxc4 Ra2 39. Ke1 a5
40. Rc6 a4 41. Kd1 a3 42. Ra6 g4 43. fxg4+ Ke4 44. Kc1 Kd3 45. Kb1 1-0

[Event "18e open International de Saint Affrique"]
[Site "Saint Affrique"]
[Date "2010.07.29"]
[Round "7.8"]
[White "Lejarre, Ludovic"]
[Black "Schweitzer, Viktoriya"]
[Result "1-0"]
[WhiteElo "2385"]
[BlackElo "2250"]
[PlyCount "81"]
[EventDate "2010.??.??"]

1. e4 g6 2. d4 Bg7 3. Nc3 d6 4. Nge2 Nf6 5. g3 O-O 6. Bg2 Nbd7 7. h3 c5 8. Be3
Rb8 9. dxc5 dxc5 10. O-O Qa5 11. f4 Nb6 12. e5 Nfd7 13. b3 Re8 14. Bd2 Qa6 15.
a4 Nf8 16. Nb5 Na8 17. c4 Bd7 18. Nec3 Bc6 19. Nd5 Rbc8 20. Qe2 Bxd5 21. cxd5
Nc7 22. Be3 g5 23. Qc4 gxf4 24. gxf4 Nd7 25. d6 Ne6 26. dxe7 Rxe7 27. Nd6 Qxc4
28. bxc4 Rb8 29. Nf5 Ree8 30. a5 f6 31. Bd5 Kh8 32. Nd6 Re7 33. f5 Nd4 34. e6
Nc2 35. exd7 Nxe3 36. Nf7+ Rxf7 37. Bxf7 Rd8 38. Rae1 Rxd7 39. Be6 Rd3 40. Rf3
Bh6 41. Rg3 1-0

[Event "18e open International de Saint Affrique"]
[Site "Saint Affrique"]
[Date "2010.07.29"]
[Round "7.9"]
[White "Naudier, Serge"]
[Black "Kukov, Velislav"]
[Result "1-0"]
[WhiteElo "2245"]
[BlackElo "2381"]
[PlyCount "133"]
[EventDate "2010.??.??"]

1. e4 g6 2. d4 Bg7 3. Nf3 c6 4. Be2 d5 5. Nbd2 Bg4 6. c3 Nd7 7. h3 Bxf3 8. Bxf3
dxe4 9. Nxe4 Ngf6 10. O-O O-O 11. Bf4 Nd5 12. Bh2 e5 13. dxe5 Nxe5 14. Be2 Qh4
15. f4 Ne3 16. Qe1 Qxe1 17. Rfxe1 N5c4 18. Bxc4 Nxc4 19. b3 Nb6 20. Rad1 Nd5
21. c4 Nb4 22. f5 gxf5 23. Nd6 Nc2 24. Re2 Nd4 25. Rf2 Rad8 26. Rfd2 Ne6 27.
Nxf5 Rxd2 28. Rxd2 Bf6 29. Rd7 Nc5 30. Rc7 Rd8 31. Bd6 Ne6 32. Rxb7 Re8 33.
Nh6+ Kg7 34. Nxf7 Bd4+ 35. Kh2 Kg6 36. Ne5+ Bxe5+ 37. Bxe5 Nc5 38. Rg7+ Kh6 39.
Bc3 a6 40. Rf7 Re2 41. Rf6+ Kg5 42. Rxc6 Ne4 43. Bd4 Rxa2 44. Be3+ Kf5 45. Rh6
Ra3 46. Rxh7 Rxb3 47. Bd4 Rb4 48. Rh5+ Kf4 49. Ra5 Rxc4 50. Be5+ Ke3 51. Rxa6
Rc2 52. Ra3+ Ke2 53. Bf4 Nc3 54. Kg3 Ne4+ 55. Kh4 Kf2 56. g4 Rc8 57. g5 Kg2 58.
g6 Rh8+ 59. Kg4 Nf2+ 60. Kf5 Nxh3 61. g7 Rg8 62. Bh6 Nf2 63. Kg6 Ng4 64. Bg5
Rb8 65. Ra5 Rb6+ 66. Kh7 Rb7 67. Kh8 1-0

[Event "18e open International de Saint Affrique"]
[Site "Saint Affrique"]
[Date "2010.07.29"]
[Round "7.10"]
[White "Hegarty, Sarah N"]
[Black "Mladenov, Plamen"]
[Result "0-1"]
[WhiteElo "2057"]
[BlackElo "2363"]
[PlyCount "56"]
[EventDate "2010.??.??"]

1. e4 c5 2. Nf3 d6 3. d4 cxd4 4. Nxd4 Nf6 5. Nc3 Nc6 6. Bg5 e6 7. Qd2 Be7 8.
O-O-O Nxd4 9. Qxd4 O-O 10. f4 a6 11. Bc4 b5 12. Bb3 Bb7 13. e5 dxe5 14. Qxe5
Qb6 15. Qe2 Rac8 16. Rd3 a5 17. a4 bxa4 18. Nxa4 Qb4 19. Qd2 Qb5 20. Bxf6 Bxf6
21. Re1 Bxg2 22. Rg3 Bd5 23. Nc3 Bxc3 24. bxc3 Bxb3 25. cxb3 Qxb3 26. Qb2 Qc4
27. Rf3 Rb8 28. Qa3 a4 0-1

[Event "18e open International de Saint Affrique"]
[Site "Saint Affrique"]
[Date "2010.07.30"]
[Round "8.1"]
[White "Degraeve, Jean-Marc"]
[Black "Petkov, Vladimir"]
[Result "1-0"]
[WhiteElo "2569"]
[BlackElo "2496"]
[PlyCount "131"]
[EventDate "2010.??.??"]

1. e4 e5 2. Nf3 Nc6 3. Bc4 Bc5 4. O-O Nf6 5. d3 d6 6. c3 O-O 7. Nbd2 a6 8. Bb3
Be6 9. Re1 Re8 10. Nf1 Bxb3 11. Qxb3 h6 12. Be3 Qd7 13. d4 Ba7 14. dxe5 Nxe5
15. Nxe5 dxe5 16. Bxa7 Rxa7 17. a4 Qc6 18. Qc2 a5 19. Qe2 Ra6 20. f3 Qc5+ 21.
Qf2 Qxf2+ 22. Kxf2 Rb6 23. Re2 Rd8 24. Ne3 Rc6 25. Ra3 b6 26. c4 g6 27. Rc3 Rd4
28. Rec2 Nd7 29. b3 Rcd6 30. Ke2 Kg7 31. Nd5 c6 32. c5 Nxc5 33. Nxb6 Ne6 34.
Nc4 Nf4+ 35. Kf2 Nd3+ 36. Rxd3 Rxc4 37. Rxc4 Rxd3 38. Rxc6 Rxb3 39. Rc5 Rb2+
40. Kg3 f6 41. Rxa5 h5 42. Ra7+ Kg8 43. h4 Ra2 44. a5 Kf8 45. Kh2 Kg8 46. a6
Kf8 47. Kg1 Kg8 48. Kf1 Kf8 49. Ke1 Ke8 50. Kd1 Kf8 51. Kc1 Ke8 52. Kb1 Ra5 53.
Kb2 Kd8 54. Kb3 Kc8 55. Ra8+ Kc7 56. a7 Kb6 57. Rf8 Rxa7 58. Kb4 Ra2 59. Rxf6+
Kc7 60. Rxg6 Kd7 61. Kc4 Ke7 62. Rg5 Ke6 63. Kd3 Kf6 64. Ke3 Rb2 65. g3 Rg2 66.
f4 1-0

[Event "18e open International de Saint Affrique"]
[Site "Saint Affrique"]
[Date "2010.07.30"]
[Round "8.2"]
[White "Gozzoli, Yannick"]
[Black "Flear, Glenn C"]
[Result "1/2-1/2"]
[WhiteElo "2520"]
[BlackElo "2510"]
[PlyCount "99"]
[EventDate "2010.??.??"]

1. d4 d5 2. c4 e6 3. Nc3 Nf6 4. Nf3 c6 5. Bg5 Nbd7 6. e3 Qa5 7. cxd5 Nxd5 8.
Qd2 N7b6 9. Bd3 Nxc3 10. bxc3 Nd5 11. O-O Qxc3 12. Qe2 Bd6 13. Nd2 Qa5 14. Nc4
Qc7 15. Nxd6+ Qxd6 16. Bh4 O-O 17. Rac1 b6 18. Bb1 Bb7 19. Bg3 Qd7 20. e4 Ne7
21. Rfd1 Rfd8 22. h4 Qe8 23. h5 Rd7 24. Bc2 Rad8 25. Qe3 h6 26. Bb3 c5 27. dxc5
Rxd1+ 28. Bxd1 bxc5 29. f3 Qb5 30. Bb3 Nc6 31. Qxc5 Qe2 32. Qf2 Qb5 33. Qc5 Qe2
34. Bf2 Qb2 35. Qc3 Qe2 36. Qe3 Qb2 37. Qc3 Qe2 38. Re1 Qb5 39. Qc5 Qxc5 40.
Bxc5 a6 41. Rb1 Ne5 42. Ba4 Rc8 43. Bd4 Bc6 44. Bb3 Nd3 45. Be3 Bb5 46. a4 Bc4
47. Bxc4 Rxc4 48. Rb8+ Kh7 49. a5 Ra4 50. Rd8 1/2-1/2

[Event "18e open International de Saint Affrique"]
[Site "Saint Affrique"]
[Date "2010.07.30"]
[Round "8.3"]
[White "Le Roux, Jean-Pierre"]
[Black "Milliet, Sophie"]
[Result "1-0"]
[WhiteElo "2495"]
[BlackElo "2367"]
[PlyCount "79"]
[EventDate "2010.??.??"]

1. e4 e5 2. Nf3 Nf6 3. Nxe5 d6 4. Nc4 Nxe4 5. Nc3 Nxc3 6. bxc3 g6 7. g3 Bg7 8.
Bg2 O-O 9. O-O d5 10. Ne3 c6 11. Rb1 Nd7 12. Re1 Nf6 13. d3 Qa5 14. c4 d4 15.
Nf1 Bg4 16. Qd2 Qc7 17. Qb4 b6 18. Re7 Qc8 19. Qd6 c5 20. Bg5 Qd8 21. Qxd8
Raxd8 22. Rxa7 Rd7 23. Ra6 Rc7 24. Bf4 Rcc8 25. h3 Be6 26. Raxb6 Nd7 27. R6b5
Ne5 28. Nd2 Bd7 29. Ra5 Rc7 30. Nb3 Rfc8 31. Nxd4 g5 32. Bxe5 Bxe5 33. Nb5 Bxb5
34. cxb5 Bc3 35. Ra6 Re7 36. b6 Re2 37. b7 Rb8 38. Ra8 Be5 39. Kf1 Rxc2 40. Re1
1-0

[Event "18e open International de Saint Affrique"]
[Site "Saint Affrique"]
[Date "2010.07.30"]
[Round "8.4"]
[White "Lejarre, Ludovic"]
[Black "Libiszewski, Fabien"]
[Result "1/2-1/2"]
[WhiteElo "2385"]
[BlackElo "2488"]
[PlyCount "31"]
[EventDate "2010.??.??"]

1. e4 c5 2. Nf3 Nc6 3. Nc3 g6 4. d4 cxd4 5. Nxd4 Bg7 6. Be3 Nf6 7. Bc4 Qa5 8.
O-O O-O 9. Bb3 d6 10. h3 Bd7 11. f4 Nxd4 12. Bxd4 Bc6 13. Qd3 Rad8 14. Rad1 Nd7
15. Bxg7 Kxg7 16. Kh2 1/2-1/2

[Event "18e open International de Saint Affrique"]
[Site "Saint Affrique"]
[Date "2010.07.30"]
[Round "8.5"]
[White "Karpatchev, Aleksandr"]
[Black "Valles, Manuel"]
[Result "1/2-1/2"]
[WhiteElo "2476"]
[BlackElo "2242"]
[PlyCount "57"]
[EventDate "2010.??.??"]

1. e4 c6 2. d4 g6 3. Nc3 Bg7 4. Nf3 d5 5. h3 Nf6 6. e5 Ne4 7. Bd3 Nxc3 8. bxc3
c5 9. O-O c4 10. Be2 Qa5 11. a4 Qxc3 12. Bd2 Qb2 13. Rb1 Qa3 14. c3 Bd7 15.
Rxb7 Bc6 16. Qb1 O-O 17. Rc7 Bxa4 18. Qb7 Nc6 19. Rxc6 Bxc6 20. Qxc6 e6 21. Rb1
Rab8 22. Rxb8 Rxb8 23. Kh2 Qb3 24. Qa6 Qb6 25. Qa4 a5 26. Bd1 Qb5 27. Qa1 Qb1
28. Qa4 Qb5 29. Qa1 1/2-1/2

[Event "18e open International de Saint Affrique"]
[Site "Saint Affrique"]
[Date "2010.07.30"]
[Round "8.6"]
[White "Mladenov, Plamen"]
[Black "Colin, Vincent"]
[Result "1-0"]
[WhiteElo "2363"]
[BlackElo "2425"]
[PlyCount "103"]
[EventDate "2010.??.??"]

1. e4 e5 2. Nf3 Nc6 3. Bb5 a6 4. Bxc6 dxc6 5. O-O Bd6 6. d4 exd4 7. Qxd4 f6 8.
Be3 Ne7 9. Nbd2 Be6 10. Qc3 Qd7 11. Nd4 O-O-O 12. Nxe6 Qxe6 13. Qb3 Qe5 14. f4
Qh5 15. Nc4 Kb8 16. Nxd6 Rxd6 17. Rae1 Re8 18. e5 fxe5 19. fxe5 Rd5 20. Bf4 Nf5
21. c3 g5 22. Bc1 Qg6 23. Qb4 Rdxe5 24. Rxe5 Rxe5 25. Qf8+ Ka7 26. Qd8 Nd6 27.
Qxc7 Re2 28. Qa5 Nb5 29. Qb4 g4 30. a4 Re4 31. Qc5+ b6 32. Qf8 Nd6 33. a5 bxa5
34. Bf4 Re6 35. Qd8 Qe8 36. Qxa5 Nb7 37. Qa1 Re2 38. Bg3 Qe4 39. Bf2+ c5 40. b4
Qc6 41. bxc5 a5 42. Qb1 h5 43. Qd3 Rb2 44. c4 a4 45. Qd5 Na5 46. Ra1 Rb4 47.
Qd2 Qf6 48. Qd7+ Ka6 49. Qc8+ Rb7 50. Rb1 Qd8 51. Rb6+ Ka7 52. Qxd8 1-0

[Event "18e open International de Saint Affrique"]
[Site "Saint Affrique"]
[Date "2010.07.30"]
[Round "8.7"]
[White "Bedouin, Xavier"]
[Black "Naudier, Serge"]
[Result "1-0"]
[WhiteElo "2403"]
[BlackElo "2245"]
[PlyCount "127"]
[EventDate "2010.??.??"]

1. e4 e5 2. Nf3 Nc6 3. Bb5 a6 4. Bxc6 dxc6 5. O-O f6 6. d4 Bg4 7. c3 Qd7 8. h3
Bxf3 9. Qxf3 O-O-O 10. Be3 Bd6 11. Nd2 Ne7 12. dxe5 fxe5 13. Nc4 Qe6 14. Qg4
Qxg4 15. hxg4 b5 16. Na5 c5 17. c4 h5 18. gxh5 Rxh5 19. g3 Rdh8 20. Kg2 Rh2+
21. Kf3 Kd7 22. Rac1 b4 23. Rcd1 Nc6 24. Nxc6 Kxc6 25. Kg4 a5 26. Rd5 a4 27.
Rfd1 Rf8 28. R5d2 Rfh8 29. Bg5 Re8 30. f3 Rh7 31. Re2 Kd7 32. f4 Kc6 33. f5
Reh8 34. Red2 Rh1 35. Bh4 Rxd1 36. Rxd1 Kd7 37. Kh3 g5 38. fxg6 Rg8 39. Kg4
Rxg6+ 40. Kf5 Rg8 41. g4 Rh8 42. Rh1 Be7 43. Rd1+ Bd6 44. Bf6 Rh2 45. Bxe5 Rf2+
46. Kg6 Re2 47. Bf6 Ke6 48. g5 Be7 49. Rf1 Rxe4 50. Bxe7 Kxe7 51. Kg7 Re2 52.
Rb1 Rc2 53. g6 Rxc4 54. Re1+ Kd7 55. Re2 Rg4 56. Kf7 Kd6 57. g7 Rf4+ 58. Kg6
Rg4+ 59. Kf6 c4 60. Re6+ Kd7 61. Re4 Rg2 62. Rxc4 a3 63. bxa3 bxa3 64. Rc5 1-0

[Event "18e open International de Saint Affrique"]
[Site "Saint Affrique"]
[Date "2010.07.30"]
[Round "8.8"]
[White "Bissieres, Matthieu"]
[Black "Sanchez, Nicolas"]
[Result "1/2-1/2"]
[WhiteElo "2344"]
[BlackElo "2162"]
[PlyCount "69"]
[EventDate "2010.??.??"]

1. e4 c5 2. Nf3 d6 3. d4 cxd4 4. Nxd4 Nf6 5. Nc3 g6 6. f4 Nc6 7. Nxc6 bxc6 8.
e5 Bg4 9. Be2 Bxe2 10. Qxe2 dxe5 11. fxe5 Nd5 12. Qc4 Rc8 13. e6 f6 14. Bd2 Bg7
15. O-O-O O-O 16. h4 Qd6 17. h5 f5 18. hxg6 hxg6 19. Qh4 Qxe6 20. Rde1 Qf6 21.
Bg5 Qd4 22. Nxd5 Qxb2+ 23. Kd1 Rfd8 24. Qh7+ Kf7 25. Rxe7+ Kf8 26. Qxg6 Rxd5+
27. Ke2 Re5+ 28. Rxe5 Qxe5+ 29. Kf2 Re8 30. Bc1 Qc5+ 31. Kg3 Qc3+ 32. Kh2 Qe5+
33. Qg3 Qxg3+ 34. Kxg3 Re2 35. Rf1 1/2-1/2

[Event "18e open International de Saint Affrique"]
[Site "Saint Affrique"]
[Date "2010.07.30"]
[Round "8.9"]
[White "Julian, Stephane"]
[Black "Boudre, Jean-Pierre"]
[Result "1-0"]
[WhiteElo "2133"]
[BlackElo "2332"]
[PlyCount "79"]
[EventDate "2010.??.??"]

1. e4 e5 2. Nf3 d6 3. d4 exd4 4. Nxd4 Nf6 5. Nc3 Be7 6. Be2 O-O 7. O-O Re8 8.
Be3 Bf8 9. Bg5 Nbd7 10. f4 c6 11. Kh1 Qb6 12. Bf3 Qxb2 13. Qd2 Qb4 14. Rfe1 Qa5
15. Re2 h6 16. Bh4 Nh7 17. Rae1 Nb6 18. Qd3 Be6 19. Nxe6 Rxe6 20. Bg4 Ree8 21.
Bf5 g6 22. Bg4 Bg7 23. Nd1 Qb4 24. Bg3 Rad8 25. h4 Nf6 26. Bf3 h5 27. f5 gxf5
28. exf5 Rxe2 29. Rxe2 d5 30. Qe3 Re8 31. Qg5 Rxe2 32. Bxe2 Ne4 33. Qf4 Nd7 34.
Qc7 Qb6 35. Qc8+ Nf8 36. Be1 Nd6 37. Qb8 Nxf5 38. Bxh5 Qd4 39. Qxb7 Ng6 40.
Qc8+ 1-0

[Event "18e open International de Saint Affrique"]
[Site "Saint Affrique"]
[Date "2010.07.30"]
[Round "8.10"]
[White "Manouck, Thierry"]
[Black "Cherki, Thomas"]
[Result "1-0"]
[WhiteElo "2330"]
[BlackElo "2135"]
[PlyCount "53"]
[EventDate "2010.??.??"]

1. c4 e5 2. g3 Nc6 3. Bg2 f5 4. Nc3 Nf6 5. e3 e4 6. d3 Bb4 7. Nge2 Ne5 8. dxe4
fxe4 9. O-O Nf3+ 10. Kh1 Qe7 11. Nxe4 Nxe4 12. Bxf3 Rf8 13. Nf4 c6 14. Bg2 g5
15. Nd3 Ba5 16. Qh5+ Kd8 17. f3 Nd6 18. e4 h6 19. Qxh6 Nf7 20. Qg7 Bc7 21. Bd2
Rh8 22. Bc3 Ke8 23. e5 Qe6 24. f4 g4 25. f5 Qxc4 26. Nf4 Qc5 27. Ng6 1-0

[Event "18e open International de Saint Affrique"]
[Site "Saint Affrique"]
[Date "2010.07.31"]
[Round "9.2"]
[White "Flear, Glenn C"]
[Black "Bedouin, Xavier"]
[Result "1-0"]
[WhiteElo "2510"]
[BlackElo "2403"]
[PlyCount "43"]
[EventDate "2010.??.??"]

1. d4 Nf6 2. c4 g6 3. Nc3 d5 4. cxd5 Nxd5 5. e4 Nxc3 6. bxc3 Bg7 7. Bg5 c5 8.
Rc1 Qa5 9. Qd2 O-O 10. Nf3 Bg4 11. d5 f5 12. Bxe7 Re8 13. d6 Bxf3 14. Bc4+ Kh8
15. gxf3 Nc6 16. Bf7 Nxe7 17. Bxe8 Rxe8 18. dxe7 Rxe7 19. O-O fxe4 20. Rfe1 Be5
21. Rxe4 c4 22. Rce1 1-0

[Event "18e open International de Saint Affrique"]
[Site "Saint Affrique"]
[Date "2010.07.31"]
[Round "9.3"]
[White "Mladenov, Plamen"]
[Black "Le Roux, Jean-Pierre"]
[Result "1/2-1/2"]
[WhiteElo "2363"]
[BlackElo "2495"]
[PlyCount "62"]
[EventDate "2010.??.??"]

1. d4 Nf6 2. Nf3 g6 3. c4 Bg7 4. Nc3 d5 5. Bg5 Ne4 6. cxd5 Nxg5 7. Nxg5 e6 8.
Qd2 h6 9. Nf3 exd5 10. e3 c6 11. b4 O-O 12. Bd3 Bg4 13. Ne5 Bxe5 14. dxe5 Qe7
15. f4 Qxb4 16. Rb1 Qe7 17. O-O b6 18. h3 Be6 19. e4 dxe4 20. Nxe4 Nd7 21. Qc2
Rad8 22. Rf3 Bd5 23. Rg3 Bxe4 24. Bxe4 Qc5+ 25. Qxc5 Nxc5 26. Bxc6 Ne6 27. Ra3
Rc8 28. Bd7 Rc7 29. Bxe6 fxe6 30. Rf1 Kf7 31. Rd1 Rfc8 1/2-1/2

[Event "Saint-Affrique"]
[Site "Saint-Affrique"]
[Date "2010.07.30"]
[Round "8"]
[White "MANIA, Clement"]
[Black "BUSCARA, Sevan"]
[Result "0-1"]
[WhiteElo "2127"]
[BlackElo "2259"]
[PlyCount "66"]
[EventDate "2010.??.??"]

{1300MB, Rybka3Gen.ctg} 1. e4 d5 2. exd5 Qxd5 3. Nf3 Bg4 4. Be2 Nc6 5. d4 O-O-O
6. c4 Qf5 7. Be3 Bxf3 8. Bxf3 Nxd4 9. Bg4 Nc2+ 10. Qxc2 Qxg4 11. O-O e6 12.
Bxa7 Nf6 13. Nd2 Bd6 14. Nf3 b6 15. c5 Bxc5 16. Rfc1 Nd5 17. Ne5 Qh5 18. Nc4
Kb7 19. Qa4 Ra8 20. Na5+ Kxa7 21. Rxc5 bxc5 22. Qb5 Nb6 23. b4 Rhd8 24. f3 Qd5
25. Qf1 cxb4 26. Nb3 Qd3 27. Qe1 Nd5 28. Kh1 Kb6 29. Rd1 Qe3 30. Qh4 Nf4 31.
Re1 Qc3 32. Qf2+ c5 33. h4 Nd3 0-1

[Event "Saint-Affrique"]
[Site "Saint-Affrique"]
[Date "2010.07.31"]
[Round "9"]
[White "CABANES, Kim"]
[Black "MANIA, Clement"]
[Result "0-1"]
[WhiteElo "1968"]
[BlackElo "2127"]
[PlyCount "80"]
[EventDate "2010.??.??"]

{1300MB, Rybka3Gen.ctg} 1. d4 f5 2. Bf4 Nf6 3. e3 d6 4. h3 g6 5. Nf3 Bg7 6. Bc4
e6 7. Nc3 Qe7 8. Qe2 Bd7 9. O-O-O Nc6 10. Rhe1 O-O-O 11. e4 fxe4 12. Nxe4 h6
13. Bh2 Rde8 14. Bb5 Rhf8 15. c4 a6 16. Bxa6 Nxe4 17. Bxb7+ Kxb7 18. Qxe4 Qf6
19. Rd3 Qf5 20. Qe3 Ra8 21. Rb3+ Kc8 22. a3 Ra4 23. Rc3 g5 24. b4 g4 25. hxg4
Qxg4 26. Rd1 Ne7 27. c5 Nd5 28. Qd3 Nxc3 29. Qxc3 Qxg2 30. cxd6 c6 31. Qb3 Ra8
32. Rd3 Qf1+ 33. Kc2 Qxf2+ 34. Kc1 Bxd4 35. a4 Qf1+ 36. Kd2 e5 37. b5 Rb8 38.
Bxe5 Bxe5 39. Nxe5 Rf2+ 40. Kc3 Qe1+ 0-1